| 000 | 01564nam a2200421 i 4500 | ||
|---|---|---|---|
| 999 |
_c200435751 _d53963 |
||
| 003 | TR-AnTOB | ||
| 005 | 20200217093535.0 | ||
| 008 | 101014t20102010tu 000 0 tur d | ||
| 020 |
_a9789750507878 _q(paperback) |
||
| 040 |
_aBGZ _beng _erda _cBGZ |
||
| 041 | 1 |
_atur _hger |
|
| 049 | _aBGZA | ||
| 090 |
_aDC274 _b.M3719 2016 |
||
| 100 | 1 |
_aMarx, Karl, _d1818-1883. _4aut |
|
| 240 | 1 | 0 |
_aAchtzehnte Brumaire des Louis Bonaparte. _lTurkish. |
| 245 | 1 | 0 |
_aLouis Bonaparte'ın on sekiz Brumaire'i = _bDer achtzehnte Brumaire des Louis Bonaparte / _cKarl Marx ; çeviren Tanıl Bora , sunuş Ahmet İnsel, sonsöz Ömer Laçiner. |
| 246 | 3 | 1 | _aDer achtzehnte Brumaire des Louis Bonaparte |
| 250 | _a4. baskı | ||
| 264 | 1 |
_aİstanbul : _bİletişim, _c2016. |
|
| 264 | 4 | _cé2010 | |
| 300 |
_a188 pages ; _c21 cm. |
||
| 336 |
_atext _2rdacontent _btxt |
||
| 337 |
_aunmediated _2rdamedia _bn |
||
| 338 |
_avolume _2rdacarrier _bnc |
||
| 490 | 1 | _aİletişim 1500. Politika dizisi 88 | |
| 500 | _aTranslation of: Der achtzehnte Brumaire des Louis Bonaparte. | ||
| 651 | 0 |
_aFrance _xHistory _yCoup d'état, 1851. |
|
| 651 | 0 |
_aFrance _xHistory _yFebruary Revolution, 1848. |
|
| 651 | 0 |
_aFrance _xHistory _ySecond Republic, 1848-1852. |
|
| 651 | 0 |
_aFrance _xPolitics and government _y1848-1852. |
|
| 700 | 1 |
_aBora, Tanıl, _d1963- _4trl |
|
| 700 | 1 |
_aİnsel, Ahmet. _4aui |
|
| 700 | 1 |
_aLaçiner, Ömer. _4aft |
|
| 830 | 0 |
_aİletişim Yayınları ; _v1500. |
|
| 830 | 0 |
_aİletişim yayınları. _pPolitika dizisi ; _v88. |
|
| 942 |
_2lcc _cBK |
||